Normal view
MARC view
- SUPERVISOR DR WAHEEL UL HAQ,REHAN A KHAN
Entry Personal Name
001 - CONTROL NUMBER
- control field: 71982
003 - CONTROL NUMBER IDENTIFIER
- control field: NUST
005 - DATE AND TIME OF LATEST TRANSACTION
- control field: 20210628204726.0
008 - FIXED-LENGTH DATA ELEMENTS
- fixed length control field: 210628|| aca||aabn | a|a d
040 ## - CATALOGING SOURCE
- Original cataloging agency: NUST
- Transcribing agency: NUST
100 ## - HEADING--PERSONAL NAME
- Personal name: SUPERVISOR DR WAHEEL UL HAQ,REHAN A KHAN
670 ## - SOURCE DATA FOUND
- Source citation: Work cat.: (NUST): DANISH,KAMRAN,ZAIN 71980, PR-SOF-1254-DEVELOPMENT OF A RECUPERATING HEAT EXCHANGER FOR ITTEHAD STEEL MILLS, 2013
